zpět

Detail výsledku týmu

Pivní pub Merlin, Rousínov

Datum a čas kvízu

26 Celkem bodů Celkový počet nahraných bodů na tomto kvízu bez doplňovacích otázek.
2. Pořadí na kvízu Konečné umístění týmu na tomto kvízu.

Zaznamenané odpovědi

# Otázka Odpověď Body Výsledky
1. Už Vám někdy hořela koudel u z... Šumperk 0
2. Ve výčtu nejlepších aprílových... z (nakládaných) okurek 0
3. Knihou roku 2019 je román Hodi... Magnesia Litera 1
4. Minulý týden bylo oznámeno, že... Prima a CNN 0
5. Minulý čtvrtek začalo ve finsk... v ledním hokeji (žen) 0
6. V tomto tématu ověříme vaše zn... pouze jelení zvěř 1
7. Kterým slovem začínajícím na p... kozlice 1
8. Jelen bílý je zvláštní barevno... Žleby, Žehušice, Kopidlno a Janovice 0
9. Kolikaterák je tento jelen? desaterák (nerovný) 0
10. Co v myslivecké mluvě znamená... oči 1